| 000 | 00582nam a2200169Ia 4500 | ||
|---|---|---|---|
| 008 | 220216s9999 xx 000 0 und d | ||
| 100 | _aZhu Jia-Hong | ||
| 245 | 0 | _aMolecular characterization of a calcium-dependent protein kinase HbCDPK1 from Hevea brasiliensis | |
| 260 | _bIRRDB Natural Rubber Conference 2008, 13-15 October 2008, Kuala Lumpur, Malaysia: Abstract of papers | ||
| 500 | _aSource Year: 2008 | ||
| 650 | _aCalcium dependent protein kinase (CDPK) | ||
| 650 | _aLatex | ||
| 700 | _aCai Yuan-Bao | ||
| 700 | _aZhang Zhi-Li | ||
| 856 | _uAbst only | ||
| 942 | _cJS | ||
| 999 |
_c63168 _d63168 |
||